Pays sans L,N,R,S,T - Statistiques

Statistiques générales
  • Ce quiz a été pris 140 fois
    115 depuis la dernière actualisation
  • Le résultat moyen est 5 sur 9
Statistiques - réponses
Continent Pays % Correct
Océanie Fidji
77%
Amérique du Nord Cuba
72%
Amérique du Nord Mexique
71%
Afrique Zambie
60%
Afrique Zimbabwe
60%
Afrique Gambie
54%
Amérique du Nord Jamaique
54%
Afrique Mozambique
35%
Asie Cambodge
27%
Aucun quiz correspondant
Distribution des résultats
% des personnes avec chaque résultat
Percentile par nombre de réponses
Votre historique - résultats
Vous n’avez pas pris ce quiz depuis la dernière actualisation